<?xml version="1.0" encoding="UTF-8"?>
<record
    xmlns:xsi="http://www.w3.org/2001/XMLSchema-instance"
    xsi:schemaLocation="http://www.loc.gov/MARC21/slim http://www.loc.gov/standards/marcxml/schema/MARC21slim.xsd"
    xmlns="http://www.loc.gov/MARC21/slim">

  <leader>03059nam a2200277 i 4500</leader>
  <controlfield tag="003">CSPC</controlfield>
  <controlfield tag="005">20251027112404.0</controlfield>
  <controlfield tag="008">251027r20202021ii a     b    001 0 eng d</controlfield>
  <datafield tag="020" ind1=" " ind2=" ">
    <subfield code="a">9789352695362</subfield>
  </datafield>
  <datafield tag="040" ind1=" " ind2=" ">
    <subfield code="c">CSPC</subfield>
    <subfield code="a">CSPC</subfield>
    <subfield code="b">eng</subfield>
    <subfield code="e">rda</subfield>
  </datafield>
  <datafield tag="082" ind1="0" ind2="4">
    <subfield code="a">639.31</subfield>
    <subfield code="b">F526</subfield>
  </datafield>
  <datafield tag="245" ind1="0" ind2="0">
    <subfield code="a">Fish culture : </subfield>
    <subfield code="b">in ponds and other inland waters / </subfield>
    <subfield code="c">edited by Sudha Garg. </subfield>
  </datafield>
  <datafield tag="264" ind1=" " ind2="1">
    <subfield code="a">New Delhi, India : </subfield>
    <subfield code="b">Random Publications, </subfield>
    <subfield code="c">2020 ; Reprinted 2021.</subfield>
  </datafield>
  <datafield tag="300" ind1=" " ind2=" ">
    <subfield code="a">viii, 299 pages :</subfield>
    <subfield code="b">illustrations ;</subfield>
    <subfield code="c">24 cm.</subfield>
  </datafield>
  <datafield tag="336" ind1=" " ind2=" ">
    <subfield code="2">rdacontent</subfield>
    <subfield code="a">text</subfield>
  </datafield>
  <datafield tag="337" ind1=" " ind2=" ">
    <subfield code="2">rdamedia</subfield>
    <subfield code="a">unmediated </subfield>
  </datafield>
  <datafield tag="338" ind1=" " ind2=" ">
    <subfield code="2">rdacarrier</subfield>
    <subfield code="a">volume</subfield>
  </datafield>
  <datafield tag="504" ind1=" " ind2=" ">
    <subfield code="a">Includes bibliographical references and index. </subfield>
  </datafield>
  <datafield tag="505" ind1="0" ind2=" ">
    <subfield code="a">Drainable ponds -- Fish species suitability and selection -- Cultivation of fish -- Emergencies in marine fisheries -- Stocking of rearing ponds -- Inland waters -- Fish composition and fishery products in pond culture -- Systems of fish culture -- Marketing channels for small-scale fisheries products -- Warm water lowland fisheries -- Construction of new ponds and farms.  </subfield>
  </datafield>
  <datafield tag="520" ind1=" " ind2=" ">
    <subfield code="a">"Today the importance of fish culture is being realised as never before, in the face of mounting pressure of population explosion. Fish culture is the rational cultivation of fish in a confined water mass, where rearing is not left to the mercy of nature. Fish culture in natural waters is concerned with the replenishment and improvement of the fish stocks of rivers, lakes, reservoirs, and seas. The increasing impact of man on such waters (water pollution and construction) has impeded or disrupted the natural replenishment of fish stocks. Thus, the rearing of fish, that is, fish-farming, is needed to maintain the existing fish life and to improve an ichthyofauna of minor value. Semimigratory (pike-perch, carp, roach) and migratory fishes (sturgeon, beluga, stellate sturgeon, inconnu, Atlantic salmon, chum salmon, pink salmon, Baltic vimba, and kutum) are particularly threatened. It is the most common method of fish culture. Water is maintained in an enclosed area by artificially constructed ponds where the aquatic animals such the finfish and shellfish are reared. The ponds may be filled with canal water, rain water, bore well water or from other water sources. The pond must be constructed after proper site selection. The climate, topography, water availability and soil quality of the region influence the character of the fish pond. For watershed ponds, water required to fill and maintain the pond water is entirely sourced from the watershed runoff, though groundwater (bore well) and surface water (stream and reservoirs) can be used as an additional water sources. This work will be a highly useful reference tool for students, teachers, academicians, and all who interested in pisciculture." -- Back cover</subfield>
  </datafield>
  <datafield tag="650" ind1=" " ind2="4">
    <subfield code="a">Fish culture.</subfield>
  </datafield>
  <datafield tag="650" ind1=" " ind2="4">
    <subfield code="a">Freshwater aquaculture.</subfield>
  </datafield>
  <datafield tag="700" ind1="1" ind2=" ">
    <subfield code="a">Garg, Sudha, </subfield>
    <subfield code="e">editor.</subfield>
  </datafield>
  <datafield tag="942" ind1=" " ind2=" ">
    <subfield code="2">ddc</subfield>
    <subfield code="n">0</subfield>
    <subfield code="c">BK</subfield>
    <subfield code="h">639.31</subfield>
    <subfield code="i">F526</subfield>
    <subfield code="k">CIR</subfield>
    <subfield code="m">2020</subfield>
  </datafield>
  <datafield tag="952" ind1=" " ind2=" ">
    <subfield code="0">0</subfield>
    <subfield code="1">0</subfield>
    <subfield code="2">ddc</subfield>
    <subfield code="4">0</subfield>
    <subfield code="7">0</subfield>
    <subfield code="a">CSPC</subfield>
    <subfield code="b">CSPC</subfield>
    <subfield code="c">CIR</subfield>
    <subfield code="d">2025-10-27</subfield>
    <subfield code="l">0</subfield>
    <subfield code="o">CIR 639.31 F526 2020</subfield>
    <subfield code="p">030506</subfield>
    <subfield code="r">2025-10-27 11:01:08</subfield>
    <subfield code="t">1-1</subfield>
    <subfield code="w">2025-10-27</subfield>
    <subfield code="y">BK</subfield>
  </datafield>
  <datafield tag="999" ind1=" " ind2=" ">
    <subfield code="c">30797</subfield>
    <subfield code="d">30797</subfield>
  </datafield>
</record>
